ბათუმის შოთა რუსთაველის სახელმწიფო უნივერსიტეტის ბიბლიოთეკა

IBM SPSS Statistics 26 Step by Step : (ბიბ.ჩანაწერი № 57757)

000 -LEADER
fixed length control field 00754nam a22002057a 4500
005 - DATE AND TIME OF LATEST TRANSACTION
control field 20221107104838.0
008 - FIXED-LENGTH DATA ELEMENTS--GENERAL INFORMATION
fixed length control field 201102s2020 enk||||| |||| 00| 0 eng d
020 ## - INTERNATIONAL STANDARD BOOK NUMBER
International Standard Book Number 9780367174354x
041 ## - LANGUAGE CODE
Language code of text/sound track or separate title eng
080 ## - UNIVERSAL DECIMAL CLASSIFICATION NUMBER
Universal Decimal Classification number 004.6 G-37
100 ## - MAIN ENTRY--PERSONAL NAME
Personal name George, Darren
9 (RLIN) 9691
245 ## - TITLE STATEMENT
Title IBM SPSS Statistics 26 Step by Step :
Remainder of title A Simple Guide and Reference /
Statement of responsibility, etc. Darren George (Author), Paul Mallery (Author).
250 ## - EDITION STATEMENT
Edition statement 16th Edition
264 ## - PRODUCTION, PUBLICATION, DISTRIBUTION, MANUFACTURE, AND COPYRIGHT NOTICE
Place of production, publication, distribution, manufacture New York :
Name of producer, publisher, distributor, manufacturer Routledge,
Date of production, publication, distribution, manufacture, or copyright notice 2020.
300 ## - PHYSICAL DESCRIPTION
Extent 386 p.
Other physical details 30 cm.
653 ## - INDEX TERM--UNCONTROLLED
keyword ინფორმაციული ტექნოლოგიები
653 ## - INDEX TERM--UNCONTROLLED
keyword კომპიუტერული მეცნიერებები
700 ## - ADDED ENTRY--PERSONAL NAME
Personal name Mallery, Paul
Relator term ავტორი
9 (RLIN) 9692
942 ## - ADDED ENTRY ELEMENTS (KOHA)
Source of classification or shelving scheme
Koha item type წიგნი
ეგზემპლარები
Withdrawn status Lost status Source of classification or shelving scheme Damaged status Not for loan Permanent Location Current Location Shelving location Date acquired Cost, normal purchase price Full call number Barcode Date last seen Copy number Price effective from Koha item type Public note
          ბათუმის შოთა რუსთაველის სახელმწიფო უნივერსიტეტის მთავარი ბიბლიოთეკა ბათუმის შოთა რუსთაველის სახელმწიფო უნივერსიტეტის მთავარი ბიბლიოთეკა წიგნსაცავი 2020-11-02 210.00 004.6 G-37 61112 2020-11-02 61112 2020-11-02 წიგნი 210 ლ.